မြန်မာနိုင်ငံပါဠိနှင့်ပိဋကတ် စာပေသမိုင်းသစ် / (Record no. 34764)

000 -LEADER
fixed length control field 01550nam a22002297a 4500
005 - DATE AND TIME OF LATEST TRANSACTION
control field 20241121090415.0
008 - FIXED-LENGTH DATA ELEMENTS--GENERAL INFORMATION
fixed length control field 240527b ||||| |||| 00| 0 eng d
040 ## - CATALOGING SOURCE
Transcribing agency SSBUL
041 ## - LANGUAGE CODE
Language code of text/sound track or separate title Myanmar
082 ## - DEWEY DECIMAL CLASSIFICATION NUMBER
Edition number 23
Classification number ၂၉၄.၃၈၂၀၉ မောင်
Item number ၄၆၅၉ S-ARF
100 0# - MAIN ENTRY--PERSONAL NAME
Personal name မောင်မောင်ညွန့် (မန်းတက္ကသိုလ်)
245 10 - TITLE STATEMENT
Title မြန်မာနိုင်ငံပါဠိနှင့်ပိဋကတ် စာပေသမိုင်းသစ် /
Statement of responsibility, etc. မောင်မောင်ညွန့် (မန်းတက္ကသိုလ်)။
260 ## - PUBLICATION, DISTRIBUTION, ETC.
Place of publication, distribution, etc. ရန်ကုန် ၊
Name of publisher, distributor, etc. စာပေဗိမာန်၊
Date of publication, distribution, etc. ၂၀၀၃။
300 ## - PHYSICAL DESCRIPTION
Extent ၃၂၁ စာမျက်နှာ ၊
Dimensions ၁၇ စင်တီ။
440 ## - SERIES STATEMENT/ADDED ENTRY--TITLE
Title စာပေဗိမာန်ပြည်သူ့လက်စွဲစာစဉ်
9 (RLIN) 27890
500 ## - GENERAL NOTE
General note S-ARF: Dr. Aleix Ruiz-Falques<br/>S-KZN: Prof.Kyaw Zaw Naing <br/>S-SAT: Dr. Sai Aung Tun
General note ၂၀၀၁-ခုနှစ်၊ ပခုက္ကူဦးအုံးဖေစာပေဆု ကျမ်းစာပေပထမဆုစာအုပ်ဖြစ်သည်။
504 ## - BIBLIOGRAPHY, ETC. NOTE
Linkage ကျမ်းကိုးစာရင်းနှင့်အက္ခရာစဉ်အညွှန်းပါသည်။
650 ## - SUBJECT ADDED ENTRY--TOPICAL TERM
Topical term or geographic name entry element ဗုဒ္ဓစာပေ
General subdivision သမိုင်းနှင့်ဝေဖန်ရေး
9 (RLIN) 11831
Topical term or geographic name entry element ပါဠိစာ‌ပေ
Form subdivision သမိုင်း
9 (RLIN) 37890
942 ## - ADDED ENTRY ELEMENTS (KOHA)
Source of classification or shelving scheme
Koha item type Book (Short term)
Holdings
Withdrawn status Lost status Source of classification or shelving scheme Damaged status Not for loan Collection code Permanent Location Current Location Shelving location Date acquired Total Checkouts Full call number Barcode Date last seen Date last checked out Price effective from Koha item type Accession
          Special Collections Shan State Buddhist University Library Shan State Buddhist University Library Special Collection Shelves 27/05/2024 1 ၂၉၄.၃၈၂၀၉ မောင် ၄၆၅၉ S-ARF MB00004659 29/08/2024 26/08/2024 27/05/2024 Book (Short term) ၄၆၅၉ S-ARF
          Special Collections Shan State Buddhist University Library Shan State Buddhist University Library Special Collection Shelves 27/05/2024   ၂၉၄.၃၈၂၀၉ မောင် ၁၈၀၉၈ S-KZN MB00018098 01/11/2024   27/05/2024 Book (Short term) ၁၈၀၉၈ S-KZN
          Special Collections Shan State Buddhist University Library Shan State Buddhist University Library Special Collection Shelves 21/11/2024   ၂၉၄.၃၈၂၀၉ မောင် ၁၃၁၇၁ S-SAT MB00013171 21/11/2024   27/05/2024 Book (Short term) ၁၃၁၇၁ S-SAT

Library - 09407999929
Admin Office - 09407999979
Dean Office - 09250910768
Registrar Office - 09892297154
Email - [email protected]
Shan State Buddhist University, Phaya Phyu Taunggyi, Shan State, Myanmar.